De Chv̀ez a Maduro balance y perspectivas /

Detalles Bibliográficos
Autor principal: Ramos Pismataro, Francesca
Otros Autores: De Lisio, Antonio
Formato: eBook
Lenguaje:español
Publicado: Bogot:̀ Universidad del Rosario, 2016
Materias:
Acceso en línea:Acceso restringido

MARC

LEADER 00000nam a22000007a 4500
005 20171122184550.0
007 cr|||| ||||
008 171122s2016 ck |||||s|||| 00||0 spa d
020 |a 978-958-738-800-8 
035 |a 20872 
040 |a vLex 
090 |c 7239  |d 7239 
100 1 |a Ramos Pismataro, Francesca  
245 1 0 |a De Chv̀ez a Maduro  |h [Recurso electrn̤ico]:  |b balance y perspectivas /  |c Francesca Ramos Pismataro; Antonio de Lisio 
256 |a Servicio en ln̕ea 
260 |a Bogot:̀  |b Universidad del Rosario,  |c 2016 
300 |a 1 recurso electrn̤ico  
506 1 |a Disponible solo en los productos indicados  |d vLex Global  |d vLex Global (Academic Edition, excluding Law Schools)  |d vLex Global (U.S. Academic Edition, Law Schools)  |d vLex Global (U.S. Academic Edition, excluding Law Schools)  |d vLex Global (Academic Edition, Law Schools) 
650 0 4 |a Ciencia polt̕ica  |z Colombia 
700 1 |a De Lisio, Antonio 
740 0 |a vLex Libros (Servicio en ln̕ea) 
856 4 0 |u http://vlex.com/source/chavez-maduro-balance-perspectivas-20872  |z Acceso restringido 
942 |c BOOK 
999 0 |a Political science